Reclamation in the United States. (Record no. 19402)

MARC details
000 -LEADER
fixed length control field 00285nam a2200109Ia 4500
082 ## - DEWEY DECIMAL CLASSIFICATION NUMBER
Classification number 331.572.44
Item number GOL
100 ## - MAIN ENTRY--AUTHOR NAME
Personal name GOLZE, Alfred R
245 #0 - TITLE STATEMENT
Title Reclamation in the United States.
260 ## - PUBLICATION, DISTRIBUTION, ETC. (IMPRINT)
Place of publication New York
Name of publisher Mcgraw Hill
Year of publication 1952
942 ## - ADDED ENTRY ELEMENTS (KOHA)
Koha item type Books
Holdings
Withdrawn status Lost status Damaged status Not for loan Home library Current library Date acquired Full call number Accession Number Koha item type
        RRII Library RRII Library 16/12/2021 331.572.44 GOL 00138 Books